| 000 | 00582nam a2200205Ia 4500 | ||
|---|---|---|---|
| 005 | 20250508163903.0 | ||
| 008 | 008 250505s9999 xx 000 0 eng d | ||
| 020 | _a0-7513-2786-7 | ||
| 037 | _aReference | ||
| 040 |
_aFEDL _beng _cFEDL |
||
| 041 |
_aeng _2eng |
||
| 084 |
_a598, DOR _qFEDL |
||
| 100 |
_aHarrison Colin _923480 |
||
| 245 | 0 | _aDorling kindersley hand books : Birds of the world | |
| 260 |
_aLondon, UK _bDorling Kindersley _c1993 |
||
| 300 | _a416p. | ||
| 700 |
_a Greensmith Alan _9776675 |
||
| 942 |
_cREF _h598, DOR |
||
| 999 |
_c1385793 _d1385793 |
||